Normal view
MARC view
- Shaikh, Shahzado
Entry Personal Name
001 - CONTROL NUMBER
- control field: 12674
003 - CONTROL NUMBER IDENTIFIER
- control field: NUST
005 - DATE AND TIME OF LATEST TRANSACTION
- control field: 20181211101848.0
008 - FIXED-LENGTH DATA ELEMENTS
- fixed length control field: 181211|| aca||aabn | a|a d
040 ## - CATALOGING SOURCE
- Original cataloging agency: NUST
- Transcribing agency: NUST
100 ## - HEADING--PERSONAL NAME
- Personal name: Shaikh, Shahzado
670 ## - SOURCE DATA FOUND
- Source citation: Work cat.: (NUST): Shaikh, Shahzado, Political History of Muslim Law in Indo-Pak Sub-Continent /, 2012.
